Devinez le Pays Mystère #41 - Statistiques

Statistiques générales
  • Ce quiz a été pris 571 fois
  • Le résultat moyen est 10 sur 15
Statistiques - réponses
Type de Réponse Réponse % Correct
Lettre Bien Placée E
99%
Lettre Trouvée E
99%
Lettre Trouvée I
91%
Lettre Trouvée R
84%
Lettre Bien Placée I
81%
Lettre Trouvée U
67%
Lettre Trouvée T
65%
Lettre Bien Placée R
62%
Lettre Trouvée Q
59%
Lettre Trouvée U
54%
Lettre Bien Placée U
52%
Lettre Bien Placée U
52%
Lettre Bien Placée Q
50%
Lettre Bien Placée T
50%
Pays Mystère Turquie
50%
Aucun quiz correspondant
Distribution des résultats
% des personnes avec chaque résultat
Percentile par nombre de réponses
Votre historique - résultats
Vous n’avez pas pris ce quiz